[Event "Tradewise Gibraltar 2014 - Masters"]
[Site "Gibraltar ENG"]
[Date "2014.02.03"]
[Round "7.10"]
[White "Tan, Zhongyi"]
[Black "Cheparinov, Ivan"]
[Result "1/2-1/2"]
[PlyCount "88"]
[EventDate "2014.01.28"]
[EventRounds "10"]
[EventCountry "ENG"]
[Source "lmi"]
[SourceDate "2014.01.28"]
[WhiteElo "2483"]
[BlackElo "2672"]

1. d4 Nf6 2. c4 g6 3. Nc3 Bg7 4. g3 O-O 5. Bg2 d6 6. Nf3 Nbd7 7. O-O e5 8. h3
Re8 9. e4 a6 10. d5 b5 11. cxb5 axb5 12. b4 Nb6 13. Qe2 Nfxd5 14. exd5 e4 15.
Nxe4 Bf5 16. Bg5 Rxe4 17. Qxe4 Bxe4 18. Bxd8 Bxa1 19. Bxc7 Nxd5 20. Rxa1 Nxc7
21. Nd4 Bxg2 22. Kxg2 Kf8 23. Rc1 Ra7 24. Rc6 Ke7 25. Rb6 Rxa2 26. Rb7 Kd8 27.
Nxb5 Nxb5 28. Rxb5 Kd7 29. g4 Rb2 30. Rb7+ Ke6 31. b5 d5 32. b6 g5 33. Rb8 d4
34. Kf3 d3 35. b7 Kf6 36. Ke3 d2 37. Ke2 Kg7 38. Kd1 h6 39. Ke2 Kh7 40. Kd1 Kg7
41. Ke2 Kh7 42. Kd1 Kg7 43. Ke2 Kh7 44. Kd1 Kg7 1/2-1/2

[Event "Tradewise Gibraltar 2014 - Masters"]
[Site "Gibraltar ENG"]
[Date "2014.02.03"]
[Round "7.11"]
[White "Edouard, Romain"]
[Black "Debashis, Das"]
[Result "1-0"]
[PlyCount "131"]
[EventDate "2014.01.28"]
[EventRounds "10"]
[EventCountry "ENG"]
[Source "lmi"]
[SourceDate "2014.01.28"]
[WhiteElo "2658"]
[BlackElo "2494"]

1. e4 c5 2. Nf3 d6 3. d4 cxd4 4. Nxd4 Nf6 5. Nc3 a6 6. Be3 e5 7. Nb3 Be7 8. h3
O-O 9. g4 Be6 10. g5 Nfd7 11. h4 a5 12. a3 a4 13. Nd2 Nc5 14. Bc4 Nc6 15. Nd5
Rb8 16. Qe2 b5 17. Ba2 b4 18. Nxb4 Nxb4 19. axb4 Bxa2 20. Rxa2 Rxb4 21. Bxc5
dxc5 22. c3 Rb7 23. Nc4 Qc8 24. Rxa4 Qe6 25. Ne3 Rfb8 26. Ra6 Qd7 27. Nc4 Bf8
28. h5 Qb5 29. Ra1 Qe8 30. Rd1 Qe6 31. g6 fxg6 32. hxg6 Qxg6 33. Kf1 Qe6 34.
Rd5 Ra7 35. Qh5 g6 36. Qh3 Qa6 37. Qd3 Qf6 38. Kg2 Rf7 39. Qg3 Qf4 40. Rxe5
Qxg3+ 41. Kxg3 Be7 42. f4 Bf8 43. Rd1 Ra7 44. Rd2 Ra4 45. Ne3 Ra2 46. Nd1 Ra6
47. Ne3 Ra2 48. Rd7 Raxb2 49. Nd5 R2b7 50. Nf6+ Kh8 51. Kg4 c4 52. Kf3 h6 53.
Kg4 Bg7 54. Rxb7 Rxb7 55. Re8+ Bf8 56. Rxf8+ Kg7 57. Rc8 Kxf6 58. e5+ Kf7 59.
f5 h5+ 60. Kg5 gxf5 61. Kxf5 h4 62. Rxc4 Rb3 63. Rc7+ Ke8 64. Kf6 Kd8 65. Rc4
h3 66. e6 1-0

[Event "Tradewise Gibraltar 2014 - Masters"]
[Site "Gibraltar ENG"]
[Date "2014.02.03"]
[Round "7.12"]
[White "Dubov, Daniil"]
[Black "Pardo Simon, David"]
[Result "0-1"]
[PlyCount "132"]
[EventDate "2014.01.28"]
[EventRounds "10"]
[EventCountry "ENG"]
[Source "lmi"]
[SourceDate "2014.01.28"]
[WhiteElo "2614"]
[BlackElo "2450"]

1. d4 d6 2. e4 Nf6 3. Nc3 e5 4. Nf3 Nbd7 5. g4 exd4 6. Nxd4 Nc5 7. f3 Nxg4 8.
fxg4 Qh4+ 9. Ke2 Bxg4+ 10. Nf3 f5 11. exf5 O-O-O 12. Bg2 Qh5 13. Kf1 d5 14. h3
Bxf5 15. Nd4 Qg6 16. Be3 Bd6 17. Nxf5 Qxf5+ 18. Kg1 Ne6 19. Qxd5 Bh2+ 20. Rxh2
Rxd5 21. Nxd5 Qe5 22. Re1 Nd4 23. Bd2 Qg3 24. Re3 Qd6 25. Bb4 c5 26. Be1 Rf8
27. Rh1 Nf5 28. Rc3 Nd4 29. Re3 Nf5 30. Rd3 c4 31. Bb4 Qe5 32. Rd1 Nh4 33. Rh2
Rd8 34. Ne7+ Kc7 35. Nd5+ Kc8 36. Be7 Rxd5 37. Bxd5 Qxe7 38. Rf2 Qe3 39. Bg2
Nf5 40. c3 h5 41. Bf3 g5 42. Bxh5 Qxh3 43. Bf3 Qg3+ 44. Bg2 Qe3 45. Rd5 Ng3 46.
Bf3 Qe1+ 47. Kg2 Ne4 48. Bg4+ Kc7 49. Rf3 Qe2+ 50. Kg1 Qe1+ 51. Kg2 Qh4 52. Bf5
g4 53. Bxe4 gxf3+ 54. Bxf3 Qh6 55. Rc5+ Kd6 56. Rd5+ Ke6 57. Rd4 Qg6+ 58. Kh3
Ke5 59. Rxc4 Qd3 60. Re4+ Qxe4 61. Bxe4 Kxe4 62. Kg4 Kd3 63. Kf5 Kc2 64. Ke6
Kxb2 65. Kd6 Kxa2 66. Kc7 Kb3 0-1

[Event "Tradewise Gibraltar 2014 - Masters"]
[Site "Gibraltar ENG"]
[Date "2014.02.03"]
[Round "7.13"]
[White "Akesson, Ralf"]
[Black "Movsesian, Sergei"]
[Result "1/2-1/2"]
[PlyCount "72"]
[EventDate "2014.01.28"]
[EventRounds "10"]
[EventCountry "ENG"]
[Source "lmi"]
[SourceDate "2014.01.28"]
[WhiteElo "2447"]
[BlackElo "2677"]

1. Nf3 Nf6 2. c4 g6 3. Nc3 Bg7 4. e4 d6 5. d4 O-O 6. Be2 c6 7. O-O e5 8. d5 c5
9. Ne1 Ne8 10. f4 exf4 11. Bxf4 Qe7 12. Qd2 Nd7 13. Nf3 Ne5 14. h3 Bd7 15. Rf2
Nxf3+ 16. Rxf3 Bd4+ 17. Kh1 Ng7 18. Bd3 a6 19. Ne2 Be5 20. Bxe5 dxe5 21. g4 h5
22. g5 f5 23. gxf6 Rxf6 24. Qg5 Raf8 25. Ng1 Qd8 26. Rxf6 Qxf6 27. Qxf6 Rxf6
28. Rf1 Rxf1 29. Bxf1 Kf7 30. Nf3 Kf6 31. h4 Ne8 32. Ng5 Nd6 33. Kg2 b5 34.
cxb5 axb5 35. Kf2 Nc8 36. Ke3 Nd6 1/2-1/2

[Event "Tradewise Gibraltar 2014 - Masters"]
[Site "Gibraltar ENG"]
[Date "2014.02.03"]
[Round "7.14"]
[White "Pogonina, Natalija"]
[Black "Short, Nigel D"]
[Result "1/2-1/2"]
[PlyCount "136"]
[EventDate "2014.01.28"]
[EventRounds "10"]
[EventCountry "ENG"]
[Source "lmi"]
[SourceDate "2014.01.28"]
[WhiteElo "2495"]
[BlackElo "2683"]

1. e4 c6 2. d4 d5 3. e5 Bf5 4. Nf3 e6 5. Be2 h6 6. O-O Ne7 7. Nbd2 Nd7 8. Nb3
Bg6 9. a4 Nf5 10. a5 a6 11. c4 Be7 12. c5 O-O 13. h3 f6 14. g4 fxe5 15. gxf5
Bxf5 16. Kg2 Be4 17. Nbd2 Bxf3+ 18. Nxf3 e4 19. Nh2 e5 20. f3 exd4 21. fxe4
Rxf1 22. Nxf1 Nxc5 23. exd5 Qxd5+ 24. Bf3 Qd6 25. Kh1 Rf8 26. Ra3 Qe5 27. b4
Ne4 28. Qe2 Bd6 29. Kg1 Re8 30. Bxe4 Qxe4 31. Qxe4 Rxe4 32. Bd2 Re2 33. Rd3 Be5
34. Rf3 g5 35. Rf2 Re4 36. Kg2 Kg7 37. Rf3 Re2+ 38. Rf2 Rxf2+ 39. Kxf2 Kf6 40.
Be1 Kf5 41. Nd2 Bd6 42. Nc4 Be7 43. Ke2 Ke4 44. Nb2 h5 45. Nd3 Bd6 46. Bd2 g4
47. hxg4 hxg4 48. Nf2+ Kf5 49. Kd3 g3 50. Nh3 Kg4 51. Ng1 c5 52. bxc5 Bxc5 53.
Be1 g2 54. Kc4 Ba7 55. Kd3 Bb8 56. Bf2 Bc7 57. Be1 Bd8 58. Ne2 Kh3 59. Nf4+ Kh2
60. Nxg2 Kxg2 61. Kxd4 Kf1 62. Bb4 Ke2 63. Kc4 Bc7 64. Kb3 Kd3 65. Ka4 Kc4 66.
Be1 Bd6 67. Bd2 Bc5 68. Be1 b5+ 1/2-1/2

[Event "Tradewise Gibraltar 2014 - Masters"]
[Site "Gibraltar ENG"]
[Date "2014.02.03"]
[Round "7.15"]
[White "Sutovsky, Emil"]
[Black "Hambleton, Aman"]
[Result "1/2-1/2"]
[PlyCount "136"]
[EventDate "2014.01.28"]
[EventRounds "10"]
[EventCountry "ENG"]
[Source "lmi"]
[SourceDate "2014.01.28"]
[WhiteElo "2663"]
[BlackElo "2481"]

1. e4 e6 2. d4 d5 3. Nd2 h6 4. Ngf3 Nf6 5. e5 Nfd7 6. c4 dxc4 7. Bxc4 Nb6 8.
Bd3 c5 9. O-O Nc6 10. Be4 Nxd4 11. Nxd4 Qxd4 12. Qf3 Qxe5 13. Nc4 Nxc4 14. Bf4
Qf6 15. Bc6+ bxc6 16. Qxc6+ Bd7 17. Qxa8+ Qd8 18. Qxa7 Bc6 19. Qa6 Bd5 20. Rfc1
Nb6 21. b4 c4 22. Qb5+ Nd7 23. Rxc4 Bxc4 24. Qxc4 e5 25. Be3 Bd6 26. b5 Ke7 27.
a4 Qa5 28. Rd1 Rd8 29. Bd2 Qc7 30. Qxc7 Bxc7 31. Bb4+ Ke6 32. a5 Rb8 33. b6
Nxb6 34. axb6 Bxb6 35. Rd6+ Kf5 36. Be1 Bc5 37. Rd1 Rb2 38. Kf1 Bd4 39. Rc1 f6
40. h3 h5 41. Rd1 g5 42. Rd3 Ke4 43. Ra3 g4 44. hxg4 hxg4 45. Rg3 f5 46. Ra3 f4
47. f3+ Kf5 48. fxg4+ Kxg4 49. Ra4 Rc2 50. Ra8 Kf5 51. Rf8+ Ke4 52. Ra8 Bc5 53.
Re8 Bd4 54. Ra8 Rc7 55. Ke2 Rg7 56. Kf1 Rh7 57. Bf2 Kd3 58. g3 Rf7 59. Ra3+ Kd2
60. Be1+ Kd1 61. Rd3+ Kc2 62. Rf3 Rh7 63. gxf4 Rh1+ 64. Ke2 Rh2+ 65. Kf1 e4 66.
Ra3 Rh1+ 67. Ke2 Rh2+ 68. Kf1 Rh1+ 1/2-1/2

[Event "Tradewise Gibraltar 2014 - Masters"]
[Site "Gibraltar ENG"]
[Date "2014.02.04"]
[Round "8.2"]
[White "Rodshtein, Maxim"]
[Black "Adams, Michael"]
[Result "1/2-1/2"]
[BlackElo "2754"]
[PlyCount "76"]
[EventDate "2014.01.28"]
[EventRounds "10"]
[EventCountry "ENG"]
[Source "lmi"]
[SourceDate "2014.01.28"]
[WhiteElo "2682"]

1. d4 Nf6 2. c4 e6 3. Nf3 d5 4. g3 Be7 5. Bg2 O-O 6. O-O dxc4 7. Qa4 a6 8. Qxc4
b5 9. Qc2 Bb7 10. Bd2 Bd6 11. Re1 Be4 12. Qc1 Bb7 13. a3 Nbd7 14. b4 Qb8 15.
Nc3 e5 16. e4 Re8 17. Qc2 exd4 18. Nxd4 c5 19. Nf5 Bf8 20. Bf4 Qc8 21. Bd6 cxb4
22. axb4 g6 23. Bxf8 gxf5 24. Bh6 Nxe4 25. Qb2 Qc6 26. Nxe4 Qxh6 27. Nf6+ Nxf6
28. Bxb7 Rxe1+ 29. Rxe1 Rd8 30. Kg2 Rd7 31. Qc3 Qd2 32. Qxd2 Rxd2 33. Bxa6 Ng4
34. Kg1 Nxf2 35. Bxb5 Nh3+ 36. Kh1 Nf2+ 37. Kg1 Nh3+ 38. Kh1 Nf2+ 1/2-1/2

[Event "Tradewise Gibraltar 2014 - Masters"]
[Site "Gibraltar ENG"]
[Date "2014.02.04"]
[Round "8.3"]
[White "Li, Chao B"]
[Black "Vachier-Lagrave, Maxime"]
[Result "1/2-1/2"]
[PlyCount "62"]
[EventDate "2014.01.28"]
[EventRounds "10"]
[EventCountry "ENG"]
[Source "lmi"]
[SourceDate "2014.01.28"]
[WhiteElo "2680"]
[BlackElo "2745"]

1. d4 d5 2. c4 c6 3. Nf3 Nf6 4. Nc3 dxc4 5. a4 Bf5 6. Ne5 Nbd7 7. Nxc4 Nb6 8.
Ne5 a5 9. f3 Nfd7 10. e4 Nxe5 11. exf5 Ned7 12. d5 g6 13. dxc6 bxc6 14. Qd4 Rg8
15. fxg6 Rxg6 16. Qf2 Rb8 17. Be3 Re6 18. Be2 Nd5 19. Nxd5 cxd5 20. Bd4 Bh6 21.
f4 Rb4 22. Rd1 Qc7 23. O-O Qxf4 24. Qxf4 Bxf4 25. Bh5 Nf6 26. Rxf4 Nxh5 27. Rf5
Nf6 28. Bxf6 Rxf6 29. Rfxd5 Rd6 30. Rxd6 exd6 31. Rxd6 Rxa4 1/2-1/2

[Event "Tradewise Gibraltar 2014 - Masters"]
[Site "Gibraltar ENG"]
[Date "2014.02.04"]
[Round "8.5"]
[White "Pardo Simon, David"]
[Black "Kamsky, Gata"]
[Result "0-1"]
[PlyCount "48"]
[EventDate "2014.01.28"]
[EventRounds "10"]
[EventCountry "ENG"]
[Source "lmi"]
[SourceDate "2014.01.28"]
[WhiteElo "2450"]
[BlackElo "2709"]

1. d4 f5 2. Bg5 g6 3. Nc3 Bg7 4. e4 fxe4 5. Nxe4 d5 6. Nc3 Nh6 7. Nf3 Nf7 8.
Be3 Nc6 9. Qd2 Bf5 10. Be2 Qd7 11. O-O-O O-O-O 12. Kb1 Kb8 13. a3 h6 14. h3 g5
15. g4 Be6 16. Rhe1 Rhf8 17. Nh2 Nd6 18. f3 Bg8 19. Nb5 a6 20. Nxd6 Qxd6 21.
Nf1 e5 22. dxe5 Qxe5 23. c3 d4 24. cxd4 Qd5 0-1

[Event "Tradewise Gibraltar 2014 - Masters"]
[Site "Gibraltar ENG"]
[Date "2014.02.04"]
[Round "8.8"]
[White "Tomashevsky, Evgeny"]
[Black "Edouard, Romain"]
[Result "1/2-1/2"]
[PlyCount "60"]
[EventDate "2014.01.28"]
[EventRounds "10"]
[EventCountry "ENG"]
[Source "lmi"]
[SourceDate "2014.01.28"]
[WhiteElo "2715"]
[BlackElo "2658"]

1. d4 Nf6 2. c4 e6 3. Nc3 Bb4 4. e3 O-O 5. Bd3 d5 6. Nf3 c5 7. O-O dxc4 8. Bxc4
b6 9. a3 Bxc3 10. bxc3 Bb7 11. Re1 Nbd7 12. Bd3 Be4 13. Bxe4 Nxe4 14. Qd3 Ndf6
15. Ne5 Rc8 16. f3 Nd6 17. a4 Qc7 18. e4 cxd4 19. cxd4 Nd7 20. Bf4 Nxe5 21.
Bxe5 Rfd8 22. a5 Qd7 23. axb6 axb6 24. Rec1 Rxc1+ 25. Rxc1 Nb5 26. Rb1 Nxd4 27.
Qxd4 Qxd4+ 28. Bxd4 Rxd4 29. Rxb6 g6 30. Kf2 Rd2+ 1/2-1/2

[Event "Tradewise Gibraltar 2014 - Masters"]
[Site "Gibraltar ENG"]
[Date "2014.02.04"]
[Round "8.10"]
[White "Maze, Sebastien"]
[Black "Navara, David"]
[Result "1/2-1/2"]
[PlyCount "82"]
[EventDate "2014.01.28"]
[EventRounds "10"]
[EventCountry "ENG"]
[Source "lmi"]
[SourceDate "2014.01.28"]
[WhiteElo "2536"]
[BlackElo "2702"]

1. e4 c5 2. Nf3 e6 3. d3 Nc6 4. g3 Nge7 5. Bg2 g6 6. h4 h6 7. O-O Bg7 8. c3 O-O
9. Re1 e5 10. Be3 b6 11. Qd2 Kh7 12. d4 exd4 13. cxd4 d5 14. e5 Bg4 15. Na3
Bxf3 16. Bxf3 Nf5 17. dxc5 Nxe5 18. Bg2 Ng4 19. Nc2 Bxb2 20. Rad1 Qf6 21. Qe2
Ngxe3 22. Nxe3 Nxe3 23. Qxe3 Bc3 24. Re2 Rae8 25. Qxe8 Rxe8 26. Rxe8 Bd4 27.
Rxd4 Qxd4 28. c6 Qd1+ 29. Kh2 Qc2 30. Bxd5 Qxf2+ 31. Bg2 Qc5 32. Rd8 Kg7 33.
Rd7 b5 34. c7 b4 35. Bb7 Qc2+ 36. Kh1 Qb1+ 37. Kh2 Qxa2+ 38. Kh1 Qb1+ 39. Kh2
Qc2+ 40. Kh1 Qc1+ 41. Kh2 Qc2+ 1/2-1/2

[Event "Tradewise Gibraltar 2014 - Masters"]
[Site "Gibraltar ENG"]
[Date "2014.02.04"]
[Round "8.11"]
[White "Cheparinov, Ivan"]
[Black "Khotenashvili, Bela"]
[Result "1-0"]
[PlyCount "151"]
[EventDate "2014.01.28"]
[EventRounds "10"]
[EventCountry "ENG"]
[Source "lmi"]
[SourceDate "2014.01.28"]
[WhiteElo "2672"]
[BlackElo "2527"]

1. e4 c6 2. Nf3 d5 3. Nc3 Bg4 4. h3 Bxf3 5. Qxf3 e6 6. d4 dxe4 7. Qxe4 Nf6 8.
Qd3 Nbd7 9. g3 Be7 10. Bg2 O-O 11. O-O Rc8 12. Rd1 Qb6 13. Qe2 Rfd8 14. b3 Qa5
15. Rd3 Bb4 16. Na4 b5 17. a3 Bf8 18. Bd2 Qc7 19. Nc3 a5 20. Qe1 Ra8 21. Ne4 a4
22. Bf4 Qb6 23. b4 Nd5 24. Bg5 Re8 25. Nc5 Qc7 26. Qf1 N7b6 27. Rad1 Nc4 28.
Bc1 Rad8 29. f4 Nd6 30. Qf2 g6 31. g4 Bg7 32. Re1 Nc4 33. Kh1 Bh6 34. Rf3 Bg7
35. Nd3 f5 36. Nc5 Qf7 37. Rd3 Re7 38. g5 Nd6 39. h4 Nb7 40. h5 Nxc5 41. bxc5
Ree8 42. Bd2 Qc7 43. c3 Kf7 44. Rh3 Qd7 45. Bf3 Rg8 46. Kg2 Qc7 47. Rh4 Rde8
48. Kg3 Qd7 49. Qe2 Rgf8 50. Reh1 Qc7 51. R1h3 Rg8 52. hxg6+ hxg6 53. Rh7 Rh8
54. Qe5 Rxh7 55. Rxh7 Kg8 56. Qxc7 Nxc7 57. Rh1 Nd5 58. Rc1 Kf7 59. c4 bxc4 60.
Rxc4 Ra8 61. Bxd5 exd5 62. Rb4 Re8 63. Kf3 Rh8 64. Rxa4 Rh2 65. Ra7+ Kg8 66.
Ke3 Rh3+ 67. Ke2 Bxd4 68. Bb4 Re3+ 69. Kd1 Re4 70. Rc7 Rxf4 71. Rxc6 Kf7 72.
Rc7+ Ke8 73. c6 Bf2 74. Rc8+ Kf7 75. c7 Bb6 76. Rf8+ 1-0

[Event "Tradewise Gibraltar 2014 - Masters"]
[Site "Gibraltar ENG"]
[Date "2014.02.04"]
[Round "8.12"]
[White "Libiszewski, Fabien"]
[Black "Salgado Lopez, Ivan"]
[Result "0-1"]
[PlyCount "88"]
[EventDate "2014.01.28"]
[EventRounds "10"]
[EventCountry "ENG"]
[Source "lmi"]
[SourceDate "2014.01.28"]
[WhiteElo "2533"]
[BlackElo "2597"]

1. e4 c5 2. Nf3 Nc6 3. Bb5 Nf6 4. Nc3 g6 5. h3 d5 6. e5 Nd7 7. d3 Bg7 8. Bf4
Nd4 9. O-O O-O 10. Bxd7 Bxd7 11. Re1 Ne6 12. Bd2 d4 13. Ne4 h6 14. h4 Qc7 15.
h5 g5 16. Ng3 Nf4 17. Qc1 Nd5 18. Bxg5 Kh7 19. Bd2 Bg4 20. Nh2 Bd7 21. Bf4 Nxf4
22. Qxf4 f5 23. Rac1 e6 24. c3 dxc3 25. Rxc3 Qb6 26. Re2 Rg8 27. Rb3 Qc7 28.
Rc3 Rad8 29. b4 Bc6 30. Rxc5 Rxd3 31. b5 Qb6 32. Qc4 Rxg3 33. fxg3 Bf8 34. bxc6
Bxc5+ 35. Kf1 Qxc6 36. Rc2 b6 37. Nf3 Rxg3 38. Nd4 Qe8 39. Qxe6 Qxh5 40. Qxf5+
Qxf5+ 41. Nxf5 Rg5 42. Nd6 Rxe5 43. Nb5 a5 44. Re2 Rf5+ 0-1

[Event "Tradewise Gibraltar 2014 - Masters"]
[Site "Gibraltar ENG"]
[Date "2014.02.04"]
[Round "8.13"]
[White "Adhiban, Baskaran"]
[Black "El Debs, Felipe De Cresce"]
[Result "1-0"]
[PlyCount "79"]
[EventDate "2014.01.28"]
[EventRounds "10"]
[EventCountry "ENG"]
[Source "lmi"]
[SourceDate "2014.01.28"]
[WhiteElo "2590"]
[BlackElo "2520"]

1. d4 d5 2. c4 c6 3. Nf3 Nf6 4. Nc3 dxc4 5. a4 e6 6. e4 Bb4 7. e5 Nd5 8. Bd2 b5
9. axb5 Bxc3 10. bxc3 cxb5 11. Ng5 Nc6 12. Qh5 Qe7 13. Be2 b4 14. O-O bxc3 15.
Bc1 Nxd4 16. Bxc4 h6 17. Rd1 Nc2 18. Ra5 O-O 19. Ne4 f5 20. exf6 Nxf6 21. Qe2
Nb4 22. Nxc3 Qc7 23. Ra3 Nbd5 24. Ne4 Nf4 25. Bxf4 Qxf4 26. Nxf6+ Qxf6 27. Rf3
Qe7 28. Rxf8+ Qxf8 29. Qe5 Qe7 30. Rb1 Bd7 31. Rb7 Rc8 32. Qd4 Rd8 33. h3 Qf6
34. Qe4 Bc8 35. Rb8 Bd7 36. Rb7 Bc8 37. Rxa7 Rd1+ 38. Bf1 Ra1 39. Rxa1 Qxa1 40.
Qc6 1-0

[Event "Tradewise Gibraltar 2014 - Masters"]
[Site "Gibraltar ENG"]
[Date "2014.02.04"]
[Round "8.14"]
[White "Tan, Zhongyi"]
[Black "Mareco, Sandro"]
[Result "1/2-1/2"]
[PlyCount "80"]
[EventDate "2014.01.28"]
[EventRounds "10"]
[EventCountry "ENG"]
[Source "lmi"]
[SourceDate "2014.01.28"]
[WhiteElo "2483"]
[BlackElo "2582"]

1. Nf3 Nf6 2. c4 e6 3. Nc3 Bb4 4. Qc2 c5 5. a3 Ba5 6. e3 O-O 7. d4 d6 8. Be2 h6
9. O-O Nc6 10. Rd1 Qe7 11. Rb1 Bd7 12. Na2 a6 13. b4 cxb4 14. axb4 Bb6 15. Nc3
d5 16. Ba3 Bc7 17. b5 Qxa3 18. bxc6 bxc6 19. Rb7 Qa5 20. Nd2 Rfb8 21. Rdb1 Rxb7
22. Rxb7 Rb8 23. Rxb8+ Bxb8 24. g3 Qa3 25. Ncb1 Qd6 26. c5 Qe7 27. Bxa6 e5 28.
Qb2 Qe8 29. Nc3 exd4 30. exd4 Bc7 31. Bf1 Bg4 32. Qa1 Qb8 33. Qb1 Qc8 34. Nd1
Qa8 35. Ne3 Be6 36. Bd3 Nd7 37. Nf3 Nf8 38. Nf5 Bd7 39. Qe1 Qb8 40. Qe3 Bxf5
1/2-1/2

[Event "Tradewise Gibraltar 2014 - Masters"]
[Site "Gibraltar ENG"]
[Date "2014.02.04"]
[Round "8.15"]
[White "Fier, Alexandr"]
[Black "Al-Sayed, Mohammed"]
[Result "0-1"]
[PlyCount "72"]
[EventDate "2014.01.28"]
[EventRounds "10"]
[EventCountry "ENG"]
[Source "lmi"]
[SourceDate "2014.01.28"]
[WhiteElo "2572"]
[BlackElo "2476"]

1. d4 Nf6 2. c4 g6 3. Nc3 Bg7 4. e4 d6 5. Nf3 O-O 6. Be2 e5 7. O-O Nc6 8. d5
Ne7 9. b4 Nh5 10. Re1 f5 11. Ng5 Nf6 12. f3 Kh8 13. Be3 Bh6 14. h4 Nh5 15. c5
f4 16. Bf2 Bxg5 17. hxg5 Ng8 18. cxd6 cxd6 19. Qd2 h6 20. Rec1 hxg5 21. Kf1 Rf7
22. Rc2 Rh7 23. Ke1 Ng3 24. Bxg3 fxg3 25. Bf1 Bd7 26. Ne2 g4 27. f4 Qf6 28. Rc3
Bb5 29. Nxg3 Bxf1 30. fxe5 dxe5 31. Nxf1 Rf8 32. Ke2 Qf2+ 33. Kd3 Qd4+ 34. Kc2
Rf2 35. Qxf2 Qxf2+ 36. Kb3 Rh1 0-1

[Event "Tradewise Gibraltar 2014 - Masters"]
[Site "Gibraltar ENG"]
[Date "2014.02.05"]
[Round "9.2"]
[White "Vachier-Lagrave, Maxime"]
[Black "Rapport, Richard"]
[Result "1-0"]
[PlyCount "83"]
[EventDate "2014.01.28"]
[EventRounds "10"]
[EventCountry "ENG"]
[Source "lmi"]
[SourceDate "2014.01.28"]
[WhiteElo "2745"]
[BlackElo "2691"]

1. Nf3 e6 2. c4 c5 3. Nc3 Nc6 4. g3 Nd4 5. Bg2 Be7 6. O-O Nf6 7. b3 d5 8. e3
Nxf3+ 9. Qxf3 dxc4 10. bxc4 O-O 11. Rb1 Qd3 12. Qe2 Qxe2 13. Nxe2 Rb8 14. Nc3
Rd8 15. Nb5 Bd7 16. Nxa7 Ba4 17. Rb2 Ne8 18. Nb5 Bf6 19. d4 Bxb5 20. Rxb5 cxd4
21. c5 d3 22. Rd1 Ra8 23. a3 Ra4 24. Rxb7 Rc4 25. c6 e5 26. Rb4 Rc5 27. Bb2 d2
28. Kf1 Be7 29. Ke2 f5 30. g4 fxg4 31. Rxd2 Rxd2+ 32. Kxd2 h5 33. Bc3 Bd6 34.
Rb7 e4 35. Bxe4 Bxh2 36. Bg6 Nf6 37. Ra7 Rd5+ 38. Ke2 Rd8 39. Bxf6 gxf6 40. Bf5
Rb8 41. c7 Rb2+ 42. Kf1 1-0

[Event "Tradewise Gibraltar 2014 - Masters"]
[Site "Gibraltar ENG"]
[Date "2014.02.05"]
[Round "9.3"]
[White "Adams, Michael"]
[Black "Adhiban, Baskaran"]
[Result "1/2-1/2"]
[WhiteElo "2754"]
[PlyCount "61"]
[EventDate "2014.01.28"]
[EventRounds "10"]
[EventCountry "ENG"]
[Source "lmi"]
[SourceDate "2014.01.28"]
[BlackElo "2590"]

1. e4 c5 2. Nf3 e6 3. d4 cxd4 4. Nxd4 Nc6 5. Nc3 Qc7 6. g3 a6 7. Bg2 Nge7 8.
Be3 Ne5 9. O-O N7g6 10. f4 Nc4 11. Bc1 b5 12. b3 Na5 13. Bb2 Bb7 14. a4 b4 15.
Nce2 Rc8 16. Kh1 Bc5 17. Qd2 Ne7 18. Rad1 f6 19. Nc1 Nac6 20. Nxc6 Nxc6 21. Nd3
Be7 22. c3 bxc3 23. Bxc3 O-O 24. Nb2 Rfd8 25. b4 d5 26. Qe1 dxe4 27. Qxe4 Rxd1
28. Qxe6+ Kf8 29. Nxd1 Nxb4 30. Bxb4 Bxb4 31. Ne3 1/2-1/2

[Event "Tradewise Gibraltar 2014 - Masters"]
[Site "Gibraltar ENG"]
[Date "2014.02.05"]
[Round "9.4"]
[White "Ganguly, Surya Shekhar"]
[Black "Vitiugov, Nikita"]
[Result "0-1"]
[BlackElo "2737"]
[PlyCount "120"]
[EventDate "2014.01.28"]
[EventRounds "10"]
[EventCountry "ENG"]
[Source "lmi"]
[SourceDate "2014.01.28"]
[WhiteElo "2619"]

1. e4 c6 2. d4 d5 3. Nd2 dxe4 4. Nxe4 Bf5 5. Ng3 Bg6 6. h4 h6 7. Nf3 Nd7 8. h5
Bh7 9. Bd3 Bxd3 10. Qxd3 e6 11. Bd2 Ngf6 12. O-O-O Be7 13. Kb1 Qb6 14. Rhe1 O-O
15. Nf5 exf5 16. Rxe7 Qd8 17. Re2 Ne4 18. g3 Ndf6 19. Nh4 Qd7 20. Qf3 Qd5 21.
Bc1 Rfe8 22. Ka1 Nd6 23. Qxd5 Nxd5 24. Re5 Nc4 25. Ree1 Rxe1 26. Rxe1 Nd6 27.
f3 Rd8 28. Re5 Nf6 29. Nxf5 Nxf5 30. Rxf5 Rxd4 31. b3 Rd5 32. Rxd5 Nxd5 33. c4
Nf6 34. g4 Nd7 35. Be3 a6 36. Bd4 f5 37. Kb2 Kf7 38. gxf5 Nf6 39. Kc3 Nxh5 40.
Be5 Nf6 41. Kd3 g6 42. fxg6+ Kxg6 43. Ke3 Kf5 44. Bd6 h5 45. Kf2 Nh7 46. Kg3
Ng5 47. Bc5 Nf7 48. Bd4 Ne5 49. Be3 Nd3 50. Bd2 Ne5 51. Be3 h4+ 52. Kxh4 Nxf3+
53. Kh5 Ne5 54. Bc1 Nd3 55. Bd2 Nc5 56. Bc1 Ne4 57. Bb2 Nf2 58. Kh6 Nd3 59. Ba3
c5 60. Kg7 Ke6 0-1

[Event "Tradewise Gibraltar 2014 - Masters"]
[Site "Gibraltar ENG"]
[Date "2014.02.05"]
[Round "9.5"]
[White "Zhao, Xue"]
[Black "Harikrishna, Penteala"]
[Result "1-0"]
[PlyCount "119"]
[EventDate "2014.01.28"]
[EventRounds "10"]
[EventCountry "ENG"]
[Source "lmi"]
[SourceDate "2014.01.28"]
[WhiteElo "2567"]
[BlackElo "2706"]

1. d4 Nf6 2. c4 b6 3. Nc3 Bb7 4. f3 d5 5. cxd5 Nxd5 6. e4 Nxc3 7. bxc3 e5 8.
dxe5 Nd7 9. Bf4 Qe7 10. Qa4 c6 11. Rd1 Nc5 12. Qc2 g6 13. Bc4 Bg7 14. e6 Nxe6
15. Bd6 Qf6 16. Ne2 O-O-O 17. O-O Nd4 18. cxd4 Qxd6 19. Bxf7 Kb8 20. Bc4 g5 21.
e5 Qa3 22. Ng3 Rhf8 23. Rfe1 Qb4 24. Rb1 Qa3 25. Nf5 Bh8 26. Kh1 Bc8 27. e6
Rde8 28. Bb3 Bb7 29. Rbc1 Bf6 30. Qe4 Qb4 31. h3 Bd8 32. Rc4 Qd2 33. Rc2 Qb4
34. Ree2 Bc7 35. e7 Rf6 36. f4 c5 37. Qd3 Bc8 38. Ng7 Rxf4 39. Rc1 Rxd4 40. Qf3
g4 41. Qc3 Rd1+ 42. Rxd1 Qxc3 43. Nxe8 Bf4 44. Nf6 Qg3 45. Nxg4 h5 46. Rf1 hxg4
47. Rxf4 Bd7 48. Rxg4 Qc3 49. Be6 Bc6 50. Rg8+ Kc7 51. Rc8+ Kd6 52. Rxc6+ Kxe7
53. Bg4+ Kf8 54. Kh2 Qd4 55. g3 Qd5 56. Rc8+ Kg7 57. Rc7+ Kf8 58. Rd7 Qg5 59.
Rxa7 c4 60. Be6 1-0

[Event "Tradewise Gibraltar 2014 - Masters"]
[Site "Gibraltar ENG"]
[Date "2014.02.05"]
[Round "9.6"]
[White "Salgado Lopez, Ivan"]
[Black "Rodshtein, Maxim"]
[Result "1/2-1/2"]
[PlyCount "69"]
[EventDate "2014.01.28"]
[EventRounds "10"]
[EventCountry "ENG"]
[Source "lmi"]
[SourceDate "2014.01.28"]
[WhiteElo "2597"]
[BlackElo "2682"]

1. e4 e5 2. Nf3 Nc6 3. Bb5 Nf6 4. O-O Nxe4 5. Re1 Nd6 6. Nxe5 Be7 7. Bf1 Nxe5
8. Rxe5 O-O 9. Nc3 Ne8 10. Nd5 Bd6 11. Re1 c6 12. Ne3 Bc7 13. Nf5 d5 14. Ne7+
Kh8 15. Nxc8 Rxc8 16. d3 Bd6 17. Qf3 Nc7 18. Bd2 Qd7 19. Re2 Rce8 20. Rae1 Kg8
21. g3 a6 22. h4 Rxe2 23. Rxe2 Re8 24. Rxe8+ Qxe8 25. Bh3 Ne6 26. Bc3 Qe7 27.
a3 Nc7 28. Qg4 Ne6 29. h5 g6 30. hxg6 hxg6 31. Kf1 Kf8 32. Qe2 f5 33. Bg2 Kf7
34. Qe3 Qg5 35. Qxg5 1/2-1/2